Medical pharmacology at a glance
Saved in:
| Main Author: | |
|---|---|
| Language: | Undetermined English |
| Published: |
Malden, Mass. ; Oxford
Blackwell
2000
|
| Subjects: | |
| Tags: |
Add Tag
No Tags, Be the first to tag this record!
|
| Institutions: | Trung tâm Học liệu Trường Đại học Trà Vinh |
|---|
| LEADER | 00591nam a2200217Ia 4500 | ||
|---|---|---|---|
| 001 | TVU_10821 | ||
| 008 | 210423s9999 xx 000 0 und d | ||
| 020 | |a 632052449 | ||
| 041 | |a eng | ||
| 082 | |a 615.1 | ||
| 100 | |a Michael J. Neal | ||
| 245 | 0 | |a Medical pharmacology at a glance | |
| 245 | 0 | |c Michael J. Neal | |
| 260 | |a Malden, Mass. ; Oxford | ||
| 260 | |b Blackwell | ||
| 260 | |c 2000 | ||
| 300 | |a 100 p. | ||
| 300 | |b Tài liệu số | ||
| 650 | |a Clinical pharmacology; Pharmacology; Clinical | ||
| 700 | |a Michael J. Neal | ||
| 980 | |a Trung tâm Học liệu Trường Đại học Trà Vinh | ||